[Event "57th Biel Rapid Open"]
[Site "Biel SUI"]
[Date "2024.07.14"]
[Round "1.1"]
[White "Ganguly, Surya Shekhar"]
[Black "Lang, Fabian"]
[Result "1-0"]
[WhiteTitle "GM"]
[WhiteElo "2592"]
[BlackElo "1957"]
[WhiteFideId "5002150"]
[BlackFideId "1310160"]
[EventDate "2024.07.14"]
[EventType "swiss"]

1. e4 c5 2. Nf3 a6 3. c3 d5 4. exd5 Qxd5 5. d4 Nf6 6. Be3 cxd4 7. cxd4 e6 8. Nc3
Qd6 9. Bd3 Nc6 10. a3 Be7 11. O-O O-O 12. Qd2 b5 13. Bf4 Qd8 14. Rad1 Bb7 15.
Rfe1 Rc8 16. Bb1 Na5 17. Ne5 Nc4 18. Nxc4 Rxc4 19. Ba2 Rc8 20. Bg5 Re8 21. h3
Nd5 22. Bxe7 Rxe7 23. Ne4 Rec7 24. Nc5 Qd6 25. Bb1 Ba8 26. Be4 Re8 27. Qa5 Ra7
28. Qd2 Qf4 29. Qxf4 Nxf4 30. d5 exd5 31. Bxd5 Rc8 32. Bxa8 Raxa8 33. b4 Kf8 34.
Nd7+ Kg8 35. Nb6 Rab8 36. Nxc8 Rxc8 1-0

[Event "57th Biel Rapid Open"]
[Site "Biel SUI"]
[Date "2024.07.14"]
[Round "1.2"]
[White "Tcheau, Alain"]
[Black "Moiseenko, Alexander"]
[Result "0-1"]
[BlackTitle "GM"]
[WhiteElo "1991"]
[BlackElo "2570"]
[WhiteFideId "1306014"]
[BlackFideId "14102560"]
[EventDate "2024.07.14"]
[EventType "swiss"]

1. d4 Nf6 2. Nc3 d5 3. e3 c5 4. Nf3 Nc6 5. Ne5 e6 6. f4 Be7 7. Be2 O-O 8. Bf3
Qa5 9. Bd2 Qc7 10. Nxc6 bxc6 11. O-O cxd4 12. exd4 c5 13. Be3 Rb8 14. Rb1 cxd4
15. Qxd4 Rb4 16. Qxa7 Qxa7 17. Bxa7 Rxf4 18. Bf2 Ba6 19. Be2 Bxe2 20. Nxe2 Ra4
21. a3 Ne4 22. Be1 Rc8 23. Nc3 Nxc3 24. Bxc3 d4 25. b3 Rxa3 26. Bxd4 Rxc2 27.
Rf2 Rxf2 28. Kxf2 Bb4 29. Rb2 f6 30. Ke2 e5 31. Bf2 Bc3 32. Rb1 Ra2+ 33. Kf1 Bb4
34. g3 Kf7 35. h4 Ke6 36. Be3 Kd5 37. Bf2 Ke4 0-1

[Event "57th Biel Rapid Open"]
[Site "Biel SUI"]
[Date "2024.07.14"]
[Round "1.3"]
[White "Sasikiran, Krishnan"]
[Black "Arulanantham, Aneet"]
[Result "1-0"]
[WhiteTitle "GM"]
[WhiteElo "2581"]
[BlackElo "1954"]
[WhiteFideId "5004985"]
[BlackFideId "1335189"]
[EventDate "2024.07.14"]
[EventType "swiss"]

1. d4 d5 2. c4 e6 3. Nf3 Nf6 4. g3 Be7 5. Bg2 O-O 6. O-O dxc4 7. Qc2 a6 8. a4
Bd7 9. Qxc4 Bc6 10. Bf4 Bd6 11. Bg5 h6 12. Bxf6 Qxf6 13. Nc3 Nd7 14. a5 Bxf3 15.
Bxf3 c6 16. Rfd1 g6 17. h4 h5 18. Kg2 Rfd8 19. Ne4 Qe7 20. Qc2 Nf6 21. Nd2 Rac8
22. Nc4 Bc7 23. e3 Nd5 24. Qb3 Qb4 25. Rd3 Rb8 26. Qxb4 Nxb4 27. Rb3 Nd5 28. Kf1
Kf8 29. Ke2 Ke7 30. Nd2 Rd7 31. Ne4 Bd6 32. Rc1 Nf6 33. Nxd6 Rxd6 34. Rxc6 Rxc6
35. Bxc6 Rc8 36. Bxb7 Rc2+ 37. Kd1 Rxf2 38. Bxa6 Ne4 39. Bd3 Nxg3 40. a6 Rg2 41.
a7 Rg1+ 42. Kc2 Ra1 43. Ra3 1-0

[Event "57th Biel Rapid Open"]
[Site "Biel SUI"]
[Date "2024.07.14"]
[Round "1.4"]
[White "Ranieri, Pierpaolo"]
[Black "Nesterov, Arseniy"]
[Result "0-1"]
[BlackTitle "GM"]
[WhiteElo "1909"]
[BlackElo "2602"]
[WhiteFideId "893986"]
[BlackFideId "24198455"]
[EventDate "2024.07.14"]
[EventType "swiss"]

1. d4 Nf6 2. c4 e6 3. Nf3 d5 4. Nc3 c6 5. e3 Nbd7 6. Be2 Bd6 7. O-O O-O 8. b3 b6
9. Bb2 Bb7 10. Bd3 Qe7 11. Rc1 Rfe8 12. Re1 Bb4 13. Rf1 Rad8 14. Qe2 Ba8 15.
Rfd1 h6 16. h3 Bd6 17. Re1 e5 18. dxe5 Nxe5 19. cxd5 Nxf3+ 20. Qxf3 cxd5 21. Nb5
d4 22. e4 Bb8 23. Nxd4 Qe5 24. Nc6 Qxb2 25. Nxd8 Rxd8 26. Bb1 Bd6 27. Qe2 Qe5
28. g3 Bc5 29. Kg2 Re8 30. f3 Bd6 31. f4 Qe7 32. Kg1 Bb4 33. Red1 Bxe4 34. Qc4
Bc5+ 35. Kh2 Bxb1 36. Rxb1 Qe2+ 37. Qxe2 Rxe2+ 38. Kh1 Ne4 39. Rd8+ Kh7 0-1

[Event "57th Biel Rapid Open"]
[Site "Biel SUI"]
[Date "2024.07.14"]
[Round "1.5"]
[White "Sadorra, Julio Catalino"]
[Black "Chen, Muxi"]
[Result "1-0"]
[WhiteTitle "GM"]
[WhiteElo "2542"]
[BlackElo "2030"]
[WhiteFideId "5201268"]
[BlackFideId "8626073"]
[EventDate "2024.07.14"]
[EventType "swiss"]

1. d4 d5 2. Nc3 Nf6 3. Bf4 c6 4. e3 Bf5 5. Bd3 Bg6 6. Nf3 Nbd7 7. Ne5 Nxe5 8.
Bxe5 e6 9. h4 Bd6 10. h5 Bxd3 11. cxd3 h6 12. Qf3 Bxe5 13. dxe5 Nd7 14. d4 c5
15. O-O O-O 16. Qg4 Qg5 17. Qh3 cxd4 18. f4 Qe7 19. exd4 Qb4 20. Rad1 Rac8 21.
f5 Rc6 22. Rd3 Kh8 23. Rf2 Qe7 24. Rg3 f6 25. Qh4 exf5 26. Nxd5 Qe6 27. Nf4 1-0

[Event "57th Biel Rapid Open"]
[Site "Biel SUI"]
[Date "2024.07.14"]
[Round "1.6"]
[White "Hauser, Armando"]
[Black "Harsha, Bharathakoti"]
[Result "0-1"]
[BlackTitle "GM"]
[WhiteElo "1840"]
[BlackElo "2569"]
[WhiteFideId "1340514"]
[BlackFideId "5078776"]
[EventDate "2024.07.14"]
[EventType "swiss"]

1. e4 c5 2. Nf3 Nc6 3. Bb5 g6 4. O-O Bg7 5. Nc3 e5 6. d3 Nge7 7. b3 O-O 8. Bb2
d6 9. h3 h6 10. a4 f5 11. Bc4+ Kh7 12. Nd5 Nxd5 13. Bxd5 Ne7 14. c4 Nxd5 15.
cxd5 g5 16. Nh2 Rb8 17. Bc3 b6 18. Qc2 h5 19. b4 fxe4 20. dxe4 g4 21. hxg4 hxg4
22. g3 Qg5 23. Kg2 Bd7 24. Rh1 Kg8 25. a5 Rfc8 26. Qe2 b5 0-1

[Event "57th Biel Rapid Open"]
[Site "Biel SUI"]
[Date "2024.07.14"]
[Round "1.7"]
[White "Jumabayev, Rinat"]
[Black "Farhat Willemstein, Stela Souza"]
[Result "1-0"]
[WhiteTitle "GM"]
[BlackTitle "WFM"]
[WhiteElo "2565"]
[BlackElo "1863"]
[WhiteFideId "13702661"]
[BlackFideId "2109808"]
[EventDate "2024.07.14"]
[EventType "swiss"]

1. Nf3 d5 2. g3 Nf6 3. Bg2 Nbd7 4. c4 e6 5. O-O Be7 6. d4 O-O 7. Qc2 Ne4 8. Nbd2
f5 9. b3 c6 10. Bb2 Ndf6 11. Ne5 Nxd2 12. Qxd2 Ne4 13. Qc2 Bd7 14. f3 Ng5 15.
Nd3 Qe8 16. h4 Nf7 17. e4 Nh6 18. exd5 exd5 19. Rae1 Qd8 20. f4 dxc4 21. bxc4
Bxh4 22. gxh4 Qxh4 23. Re3 Rae8 24. Rh3 Qf6 25. d5 Qf7 26. Ne5 Qe7 27. Rxh6 gxh6
28. Rf3 1-0

[Event "57th Biel Rapid Open"]
[Site "Biel SUI"]
[Date "2024.07.14"]
[Round "1.8"]
[White "Mutter, Kevin"]
[Black "Materia, Marco"]
[Result "0-1"]
[BlackTitle "IM"]
[WhiteElo "1856"]
[BlackElo "2453"]
[WhiteFideId "1327240"]
[BlackFideId "45150451"]
[EventDate "2024.07.14"]
[EventType "swiss"]

1. c4 Nf6 2. Nc3 e5 3. g3 Bb4 4. Bg2 O-O 5. Nf3 Re8 6. O-O c6 7. d4 e4 8. Ne1 d5
9. cxd5 cxd5 10. Nc2 Bxc3 11. bxc3 Be6 12. Bg5 Nbd7 13. c4 dxc4 14. Bxe4 Bh3 15.
Bg2 Bxg2 16. Kxg2 b5 17. Re1 Qb6 18. f3 h6 19. Be3 b4 20. Rb1 a5 21. Bf2 Nd5 22.
Qd2 f5 23. e4 fxe4 24. fxe4 Nc3 25. Qxc3 bxc3 26. Rxb6 Nxb6 27. d5 Nd7 28. Bd4
Nf6 29. Kf3 Rf8 30. Bxf6 Rxf6+ 31. Ke3 Raf8 32. e5 Rf2 33. Rc1 Rd2 34. Nd4 Rd3+
35. Ke4 Rf2 36. d6 Rfd2 37. Nf5 Re2+ 38. Kf4 g5+ 39. Kg4 Rxe5 40. Nxh6+ Kg7 41.
Nf5+ Kf6 42. Rf1 Ke6 43. Kxg5 c2 44. Rc1 Rxf5+ 0-1

[Event "57th Biel Rapid Open"]
[Site "Biel SUI"]
[Date "2024.07.14"]
[Round "1.9"]
[White "Bilguun, Sumiya"]
[Black "Schaefer, Gion"]
[Result "1-0"]
[WhiteTitle "GM"]
[WhiteElo "2458"]
[BlackElo "1848"]
[WhiteFideId "4901541"]
[BlackFideId "1362097"]
[EventDate "2024.07.14"]
[EventType "swiss"]

1. e4 c5 2. Nc3 Nf6 3. e5 Ng8 4. Bc4 e6 5. Nf3 Nc6 6. O-O Nge7 7. d3 Nf5 8. Re1
Be7 9. a4 O-O 10. Bf4 d5 11. exd6 Bxd6 12. Qd2 Re8 13. Ne4 Bxf4 14. Qxf4 Qe7 15.
a5 a6 16. c3 e5 17. Qg5 Be6 18. Bxe6 Qxe6 19. Nxc5 Qc8 20. b4 Nd6 21. Qh5 Rb8
22. Nxe5 Nxe5 23. Rxe5 Rxe5 24. Qxe5 Nb5 25. Nd7 Ra8 26. Nb6 Qe8 27. Re1 Qxe5
28. Rxe5 Rd8 29. c4 Nd4 30. Nd5 Nc6 31. Ne7+ Nxe7 32. Rxe7 g6 33. Rxb7 Rxd3 34.
g3 Kg7 35. Rb6 Rd4 36. Rxa6 Rxc4 37. Rb6 1-0

[Event "57th Biel Rapid Open"]
[Site "Biel SUI"]
[Date "2024.07.14"]
[Round "1.10"]
[White "Haas, Anthony"]
[Black "Saraci, Nderim"]
[Result "0-1"]
[BlackTitle "IM"]
[WhiteElo "1824"]
[BlackElo "2447"]
[WhiteFideId "1346407"]
[BlackFideId "6351921"]
[EventDate "2024.07.14"]
[EventType "swiss"]

1. d4 Nf6 2. c4 d6 3. Nf3 Nbd7 4. Nc3 e5 5. d5 g6 6. e4 Bg7 7. Rg1 Nh5 8. g4 Nf4
9. h4 h5 10. Bxf4 exf4 11. g5 Nc5 12. Qd2 O-O 13. Bd3 Re8 14. O-O-O Bg4 15. Qxf4
Bxc3 16. bxc3 c6 17. Bb1 Qa5 18. Qe3 Qa3+ 19. Kd2 Bf5 20. e5 Qb2+ 21. Ke1 Bxb1
22. Kf1 cxd5 23. cxd5 Be4 24. Rd2 Qb5+ 0-1

[Event "57th Biel Rapid Open"]
[Site "Biel SUI"]
[Date "2024.07.14"]
[Round "1.11"]
[White "Madaminov, Mukhiddin"]
[Black "Mani, Thomas"]
[Result "1-0"]
[WhiteTitle "IM"]
[WhiteElo "2512"]
[BlackElo "1839"]
[WhiteFideId "14210703"]
[BlackFideId "1326783"]
[EventDate "2024.07.14"]
[EventType "swiss"]

1. e4 c5 2. Nf3 Nc6 3. Bb5 d6 4. O-O Bd7 5. Re1 e6 6. c3 Be7 7. d4 Nf6 8. dxc5
dxc5 9. Qe2 O-O 10. e5 Nd5 11. Bd3 f5 12. exf6 Nxf6 13. Nbd2 Re8 14. Ne4 e5 15.
Neg5 1-0

[Event "57th Biel Rapid Open"]
[Site "Biel SUI"]
[Date "2024.07.14"]
[Round "1.12"]
[White "Jaggy, Enzo"]
[Black "Assaubayeva, Bibisara"]
[Result "0-1"]
[BlackTitle "IM"]
[WhiteElo "1835"]
[BlackElo "2472"]
[WhiteFideId "1344919"]
[BlackFideId "13708694"]
[EventDate "2024.07.14"]
[EventType "swiss"]

1. e4 c5 2. Nc3 Nc6 3. g3 g6 4. Bg2 Bg7 5. Nge2 e6 6. O-O Nge7 7. f4 d6 8. d3
O-O 9. h3 Rb8 10. g4 f5 11. exf5 exf5 12. g5 d5 13. Ng3 d4 14. Nce2 Nd5 15. h4
Be6 16. a3 Qd6 17. Bd2 Ne3 18. Bxe3 dxe3 19. Qc1 Nd4 20. Rd1 Rfe8 21. Rb1 Ba2
22. Ra1 Bd5 23. Rb1 Bxg2 24. Kxg2 Qd5+ 25. Kh3 Nxe2 26. Nxe2 Qf3+ 0-1

[Event "57th Biel Rapid Open"]
[Site "Biel SUI"]
[Date "2024.07.14"]
[Round "1.13"]
[White "Macovei, Andrei"]
[Black "Papaux, Jeremie"]
[Result "1-0"]
[WhiteTitle "IM"]
[WhiteElo "2479"]
[BlackElo "1808"]
[WhiteFideId "13904680"]
[BlackFideId "1340867"]
[EventDate "2024.07.14"]
[EventType "swiss"]

1. e4 e5 2. Nf3 Nc6 3. Bc4 Nf6 4. d3 h6 5. O-O d6 6. a4 g5 7. Nc3 Bg4 8. Be3 Bg7
9. h3 Be6 10. Bxe6 fxe6 11. d4 exd4 12. Nxd4 Qd7 13. Qe2 O-O-O 14. Nxc6 Qxc6 15.
Bxa7 Nd7 16. Rfd1 Bxc3 17. bxc3 e5 18. a5 Nc5 19. Bxc5 Qxc5 20. c4 Kd7 21. Rd5
Qc6 22. c5 Ke7 23. cxd6+ cxd6 24. c4 Kf6 25. Rad1 Qc7 26. Qd3 Ke7 27. Qa3 Ke6
28. Rc1 Qe7 29. Qb2 Kf6 30. Rcd1 Rd7 31. Qc3 Rhd8 32. Qf3+ Kg7 33. Qd3 Kf6 34.
c5 Ke6 35. Qb3 Kf6 36. Qf3+ Kg7 37. Qd3 Ra8 38. Rxd6 Rc7 39. Qc3 Rac8 40. R1d5
Kh7 41. g3 1-0

[Event "57th Biel Rapid Open"]
[Site "Biel SUI"]
[Date "2024.07.14"]
[Round "1.14"]
[White "Mkrtchyan, Anahit D."]
[Black "Gaehwiler, Gabriel"]
[Result "0-1"]
[BlackTitle "IM"]
[WhiteElo "1831"]
[BlackElo "2398"]
[WhiteFideId "13307533"]
[BlackFideId "1314530"]
[EventDate "2024.07.14"]
[EventType "swiss"]

1. Nf3 Nf6 2. d4 g6 3. Bf4 Bg7 4. e3 b6 5. Bd3 Bb7 6. Nbd2 d6 7. h3 Nbd7 8. O-O
O-O 9. Re1 Re8 10. e4 e5 11. Be3 Nh5 12. dxe5 dxe5 13. Qe2 Nf4 14. Bxf4 exf4 15.
c3 Nc5 16. Bc2 Ba6 17. Qd1 Nd3 18. Bxd3 Bxd3 19. Qb3 Qe7 20. Rad1 a5 21. a3 Qc5
22. Qa2 a4 23. Qa1 Rad8 24. Qc1 h6 25. Nf1 g5 26. Rd2 Qe7 27. Qd1 Bb5 28. Nd4
Bd7 29. f3 c5 30. Ne2 Bb5 31. Qc2 Rxd2 32. Qxd2 Rd8 33. Qc2 Qd7 34. h4 Bc4 35.
hxg5 hxg5 36. Nc1 Be5 37. Qf2 Qd6 38. Nh2 Kg7 39. Ng4 f6 40. Qc2 Qd2 41. Qxd2
Rxd2 42. Nxe5 fxe5 43. Kh2 Kf6 44. Kh3 Rxb2 45. Rd1 Be6+ 46. Kh2 Rb1 47. g3 b5
48. gxf4 gxf4 49. Kg2 Bb3 50. Rh1 Bc4 51. Rd1 Kg5 52. Kh3 Be6+ 53. Kg2 Rb2+ 54.
Kf1 Bc4+ 55. Kg1 Kh4 56. Nd3 Bxd3 57. Rxd3 Kg3 58. Kf1 Rf2+ 59. Ke1 Rxf3 60. Rd5
Rxc3 61. Rxe5 f3 62. Kd2 b4 63. axb4 cxb4 64. Rb5 f2 65. Rxb4 Rb3 66. Rxa4 f1=Q 0-1

[Event "57th Biel Rapid Open"]
[Site "Biel SUI"]
[Date "2024.07.14"]
[Round "1.15"]
[White "Gan-Erdene, Sugar"]
[Black "Paholok, Igor"]
[Result "1-0"]
[WhiteTitle "IM"]
[WhiteElo "2407"]
[BlackElo "1801"]
[WhiteFideId "4902980"]
[BlackFideId "1338951"]
[EventDate "2024.07.14"]
[EventType "swiss"]

1. e4 e6 2. d4 b6 3. Nc3 Bb7 4. Be3 Bb4 5. f3 Nh6 6. Qd2 f5 7. Bg5 Be7 8. Bxh6
gxh6 9. Qxh6 Bg5 10. Qh5+ Kf8 11. Nh3 Be3 12. Rd1 Qf6 13. e5 Qg6 14. Qh4 Nc6 15.
Nf4 Qg7 16. Nb5 Nxd4 17. Nxd4 Qxe5 18. Nde2 d5 19. Nd3 Qg7 20. Nef4 Re8 21. Nh5
Qh6 22. f4 e5 23. fxe5 Rg8 24. Qf6+ Qxf6 25. Nxf6 c5 26. Nxg8 Kxg8 27. Be2 c4
28. Nb4 Rxe5 29. Nxd5 b5 30. Nxe3 Rxe3 31. Rd8+ 1-0

[Event "57th Biel Rapid Open"]
[Site "Biel SUI"]
[Date "2024.07.14"]
[Round "1.16"]
[White "Materia, Matteo"]
[Black "Tahay, Alexis"]
[Result "0-1"]
[BlackTitle "IM"]
[WhiteElo "1860"]
[BlackElo "2392"]
[WhiteFideId "45150575"]
[BlackFideId "26090961"]
[EventDate "2024.07.14"]
[EventType "swiss"]

1. e4 c5 2. c3 Nf6 3. e5 Nd5 4. d4 cxd4 5. Nf3 Nc6 6. cxd4 d6 7. Bc4 Nb6 8. Bb5
d5 9. h3 Bf5 10. O-O e6 11. Nc3 Be7 12. Be3 O-O 13. Nh2 Nc4 14. Qe2 Nxe3 15.
Qxe3 Qb6 16. Rad1 Nb4 17. Ba4 Rac8 18. Rd2 f6 19. g4 Bg6 20. f4 fxe5 21. fxe5
Rxf1+ 22. Nxf1 h6 23. Ng3 Bg5 24. Qe2 Bxd2 25. Qxd2 Nd3 26. Nge2 Qxb2 27. Qxb2
Nxb2 28. Bd7 Rc6 29. Bxc6 bxc6 30. Kf2 Kf7 31. Nf4 Bc2 32. h4 Nc4 33. Ke2 c5 34.
dxc5 Nxe5 35. g5 hxg5 36. hxg5 Ke7 37. Nb5 Nc6 38. Ke3 Ba4 39. Nd4 Nd8 40. Ng6+
Kd7 41. Ne5+ Kc7 42. Kf4 Bd7 43. g6 Bc8 44. Nf7 Nb7 45. c6 Na5 46. Ng5 Kd6 47.
c7 e5+ 48. Ke3 exd4+ 49. Kxd4 Nc6+ 0-1

[Event "57th Biel Rapid Open"]
[Site "Biel SUI"]
[Date "2024.07.14"]
[Round "1.17"]
[White "Rosen, Eric"]
[Black "Parlak, Selahattin"]
[Result "1-0"]
[WhiteTitle "IM"]
[WhiteElo "2374"]
[BlackElo "1805"]
[WhiteFideId "2032562"]
[BlackFideId "1338625"]
[EventDate "2024.07.14"]
[EventType "swiss"]

1. d4 d5 2. Bf4 Nf6 3. e3 Bf5 4. c4 dxc4 5. Bxc4 e6 6. Nc3 a6 7. Qf3 Nc6 8. Nge2
Be7 9. h3 Nb4 10. O-O b5 11. Bb3 Nd3 12. Bxc7 Qc8 13. e4 Bg6 14. Qxd3 Qxc7 15.
f4 b4 16. f5 exf5 17. exf5 Bh5 18. Nd5 Nxd5 19. Bxd5 Bxe2 20. Qxe2 Rd8 21. Rac1
Qd6 22. Bc6+ Kf8 23. d5 Bf6 24. Rc4 Be5 25. Re4 Qc5+ 26. Kh1 f6 27. Qxa6 h5 28.
Qb7 Bd6 29. Rfe1 Kg8 30. Be8 Rh6 31. Bf7+ Kh7 32. Bg6+ Rxg6 33. fxg6+ Kxg6 34.
Rf1 Qc2 35. Ree1 Qc4 36. Qb6 Bc7 37. Qc6 Qxd5 38. Qxc7 Rd7 39. Qg3+ Kh6 40. Qe3+
Kh7 41. Qe4+ Qxe4 42. Rxe4 Rb7 43. Rd1 1-0

[Event "57th Biel Rapid Open"]
[Site "Biel SUI"]
[Date "2024.07.14"]
[Round "1.18"]
[White "Spagnoli, Benjamin"]
[Black "Sukandar, Irine Kharisma"]
[Result "0-1"]
[BlackTitle "IM"]
[WhiteElo "1847"]
[BlackElo "2338"]
[WhiteFideId "20667116"]
[BlackFideId "7101937"]
[EventDate "2024.07.14"]
[EventType "swiss"]

1. d4 Nf6 2. Nc3 d5 3. Bf4 c6 4. e3 Bf5 5. f3 e6 6. g4 Bg6 7. h4 h5 8. g5 Ng8 9.
Bd3 Bxd3 10. Qxd3 Bd6 11. Nge2 Ne7 12. O-O-O Na6 13. e4 Bxf4+ 14. Nxf4 Qc7 15.
Qe3 O-O-O 16. exd5 exd5 17. Nd3 Nf5 18. Qf2 Rhe8 19. Ne5 f6 20. gxf6 gxf6 21.
Nd3 Qb6 22. Nf4 Ne3 23. Rd3 Nc4 24. Nd1 Nb4 25. Rb3 Nxa2+ 26. Kb1 Nb4 27. c3 Nd3
28. Qc2 Qxb3 29. Qxb3 Nd2+ 30. Kc2 Nxb3 31. Nxd3 Na5 32. Rg1 Re2+ 33. Kc1 Nb3+
34. Kb1 Nd2+ 35. Kc1 Nxf3 36. Rf1 Nxh4 37. Rxf6 Ng2 38. Ne5 h4 39. Rh6 Rf8 40.
Ng6 Rf1 41. Rh8+ Kc7 42. Rh7+ Kb6 0-1

[Event "57th Biel Rapid Open"]
[Site "Biel SUI"]
[Date "2024.07.14"]
[Round "1.19"]
[White "Munkhzul, Turmunkh"]
[Black "Doxarve, Nils"]
[Result "1-0"]
[WhiteTitle "WGM"]
[WhiteElo "2250"]
[BlackElo "1999"]
[WhiteFideId "4901878"]
[BlackFideId "1340000"]
[EventDate "2024.07.14"]
[EventType "swiss"]

1. e4 e5 2. Nf3 Nf6 3. d4 exd4 4. e5 Ne4 5. Qxd4 d5 6. exd6 Nxd6 7. Nc3 Nc6 8.
Qf4 g6 9. Bd2 Bg7 10. O-O-O O-O 11. g4 Re8 12. h4 Ne5 13. Nxe5 Bxe5 14. Qf3 Be6
15. h5 Qd7 16. Be2 Qc6 17. hxg6 fxg6 18. Qh3 Re7 19. f4 Bh8 20. Bf3 Qb6 21. f5
gxf5 22. gxf5 Bxf5 23. Bd5+ Kf8 24. Rhf1 Ke8 25. Rxf5 Nxf5 26. Qxf5 Rd8 27. Qh5+
Kd7 28. Bg5 Re5 29. Bxb7+ Ke6 30. Qh6+ Kf7 31. Qxh7+ 1-0

[Event "57th Biel Rapid Open"]
[Site "Biel SUI"]
[Date "2024.07.14"]
[Round "1.20"]
[White "Chappaz, Max"]
[Black "Juksta, Karolis"]
[Result "0-1"]
[BlackTitle "IM"]
[WhiteElo "1854"]
[BlackElo "2400"]
[WhiteFideId "1351567"]
[BlackFideId "12809039"]
[EventDate "2024.07.14"]
[EventType "swiss"]

1. Nf3 d5 2. g3 Bg4 3. Bg2 Nd7 4. O-O c6 5. d3 e5 6. Nbd2 Ngf6 7. e4 dxe4 8.
dxe4 Bc5 9. Re1 O-O 10. c3 a5 11. a4 Qb6 12. Rf1 Rad8 13. Qc2 Qa6 14. h3 Bh5 15.
g4 Bg6 16. Nh4 Nb6 17. Re1 Nc8 18. Nf5 Rfe8 19. Bf1 Qa7 20. Nc4 Nd6 21. Ncxd6
Bxd6 22. Be3 Bc5 23. Bxc5 Qxc5 24. Rad1 Bxf5 25. gxf5 g6 26. fxg6 hxg6 27. Qe2
Kg7 28. Qc4 Qxc4 29. Bxc4 Nh5 30. Kg2 Kf6 31. b4 axb4 32. cxb4 g5 33. b5 cxb5
34. Bxb5 Rh8 35. Rd7 Nf4+ 36. Kf1 Rxh3 37. Kg1 Rdh8 38. f3 Rh1+ 39. Kf2 R8h2+ 0-1

[Event "57th Biel Rapid Open"]
[Site "Biel SUI"]
[Date "2024.07.14"]
[Round "1.21"]
[White "Munguntuul, Batkhuyag"]
[Black "Abeln, Dirk"]
[Result "1-0"]
[WhiteTitle "IM"]
[WhiteElo "2356"]
[BlackElo "1809"]
[WhiteFideId "4900758"]
[BlackFideId "1348779"]
[EventDate "2024.07.14"]
[EventType "swiss"]

1. e4 c6 2. Nc3 d5 3. Nf3 dxe4 4. Nxe4 Nd7 5. Bc4 e6 6. O-O Ndf6 7. Qe2 Nxe4 8.
Qxe4 Nf6 9. Qe2 Be7 10. d4 O-O 11. c3 b6 12. Ne5 Bb7 13. Rd1 Qc7 14. Bf4 Nd5 15.
Bxd5 exd5 16. Ng6 Bd6 17. Bxd6 Qxd6 18. Nxf8 Rxf8 19. Re1 Bc8 20. Qe7 Qxe7 21.
Rxe7 Be6 22. Rxa7 Rc8 23. a4 Rb8 24. b4 Kf8 25. a5 bxa5 26. bxa5 Rc8 27. a6 c5
28. Rb7 cxd4 29. cxd4 Ra8 30. a7 Bc8 31. Rb8 1-0

[Event "57th Biel Rapid Open"]
[Site "Biel SUI"]
[Date "2024.07.14"]
[Round "1.22"]
[White "Haist, Gian Nicola"]
[Black "Haimovich, Tal"]
[Result "0-1"]
[BlackTitle "IM"]
[WhiteElo "1779"]
[BlackElo "2324"]
[WhiteFideId "1346032"]
[BlackFideId "2801698"]
[EventDate "2024.07.14"]
[EventType "swiss"]

1. e4 e5 2. Nf3 Nc6 3. Bb5 a6 4. Ba4 d6 5. h3 Bd7 6. O-O g6 7. c3 Bg7 8. Re1 Nf6
9. d4 O-O 10. Bc2 Nh5 11. Be3 Nf4 12. Nbd2 g5 13. Nh2 exd4 14. Bxf4 gxf4 15. Qh5
h6 16. Ndf3 dxc3 17. bxc3 Qf6 18. e5 Nxe5 19. Ng4 Nxf3+ 20. gxf3 Qg5 21. Qxg5
hxg5 22. Re7 Rad8 23. Rb1 b5 24. c4 Rfe8 25. Rxe8+ Rxe8 26. Bd3 c6 27. a4 Rb8
28. cxb5 axb5 29. axb5 cxb5 30. Nh2 b4 31. Kf1 b3 32. Ke2 b2 33. Nf1 Re8+ 34.
Kd2 Bxh3 35. Kc2 Rc8+ 36. Kd2 Be6 0-1

[Event "57th Biel Rapid Open"]
[Site "Biel SUI"]
[Date "2024.07.14"]
[Round "1.23"]
[White "Arcuti, Davide"]
[Black "Bernhard, Simon"]
[Result "1-0"]
[WhiteTitle "IM"]
[WhiteElo "2398"]
[BlackElo "1801"]
[WhiteFideId "1323725"]
[BlackFideId "1362127"]
[EventDate "2024.07.14"]
[EventType "swiss"]

1. d4 Nf6 2. Nf3 g6 3. Nc3 d6 4. e4 Bg7 5. Be2 O-O 6. O-O c6 7. a4 Bd7 8. Re1
Re8 9. e5 dxe5 10. dxe5 Ng4 11. Bf4 Qb6 12. Bg3 Na6 13. Qxd7 Nh6 14. Bxa6 Qxa6
15. Qd3 Qb6 16. a5 Qc5 17. Qd4 Qxd4 18. Nxd4 Rad8 19. Rad1 c5 20. Ndb5 Nf5 21.
f4 Rxd1 22. Rxd1 Ne3 23. Rd7 Nxc2 24. Rxb7 a6 25. Nc7 Rd8 26. Nxa6 Rd2 27. Rb8+
Bf8 28. Bf2 Nd4 29. Nxc5 Kg7 30. Bxd4 Rxd4 31. Rb7 Rc4 32. Nd7 1-0

[Event "57th Biel Rapid Open"]
[Site "Biel SUI"]
[Date "2024.07.14"]
[Round "1.24"]
[White "Schneggenburger, Miguel"]
[Black "Kersten, Uwe"]
[Result "0-1"]
[BlackTitle "IM"]
[WhiteElo "1795"]
[BlackElo "2186"]
[WhiteFideId "1361279"]
[BlackFideId "4615646"]
[EventDate "2024.07.14"]
[EventType "swiss"]

1. d4 Nf6 2. c4 c5 3. d5 b5 4. cxb5 a6 5. e3 axb5 6. Bxb5 Qa5+ 7. Nc3 Bb7 8. Bc4
e6 9. e4 Nxe4 10. Bd2 Nxd2 11. Qxd2 Be7 12. Nf3 O-O 13. O-O Na6 14. a3 Bf6 15.
Rac1 Nc7 16. Rfd1 Bxc3 17. Rxc3 Nxd5 18. Bxd5 Bxd5 19. Ne5 Rad8 20. Qc2 d6 21.
Nc4 Qa8 22. Nb6 Qb7 23. Nxd5 exd5 24. a4 Rb8 25. b3 Rfe8 26. Ra1 d4 27. Rd3 Qb4
28. Qd1 Re4 29. f3 Re7 30. h3 h6 31. Qc2 Rbe8 32. Kh2 Re2 33. Qc4 Qb8 34. a5 d5+ 0-1

[Event "57th Biel Rapid Open"]
[Site "Biel SUI"]
[Date "2024.07.14"]
[Round "1.25"]
[White "Peycheva, Gergana"]
[Black "Schmied, Stefan"]
[Result "1-0"]
[WhiteTitle "FM"]
[WhiteElo "2261"]
[BlackElo "1794"]
[WhiteFideId "2916711"]
[BlackFideId "1335804"]
[EventDate "2024.07.14"]
[EventType "swiss"]

1. d4 d5 2. c4 e6 3. Nc3 Nf6 4. cxd5 exd5 5. Bg5 c6 6. e3 Bf5 7. Qf3 Bg6 8. Bxf6
Qxf6 9. Qxf6 gxf6 10. h4 h5 11. Nh3 Be7 12. Nf4 Nd7 13. f3 a5 14. Kf2 Nb6 15.
Be2 a4 16. g4 Bd6 17. gxh5 Bh7 18. Ng2 Kd7 19. f4 Rag8 20. Rag1 Nc4 21. Nxa4 Nd2
22. Bf3 Nxf3 23. Kxf3 Be4+ 24. Kf2 f5 25. Nc3 Rxg2+ 26. Rxg2 Bxg2 27. Kxg2 Rxh5
28. Ne2 Ke6 29. Ng3 Rh8 30. h5 Bf8 31. a4 Bh6 32. Kf3 Ra8 33. b3 b5 34. axb5
cxb5 35. Rc1 Ra6 36. Rc8 Bg7 37. Rb8 b4 1-0